| 000 | 01820nam a22002777a 4500 | ||
|---|---|---|---|
| 008 | 160820s2016 enk||||| |||| 00| 0 eng d | ||
| 082 | 0 | 4 |
_a708 _bU551u |
| 110 | 1 |
_aGuggenheim UBS MAP. _95436 |
|
| 245 | 1 | 0 |
_aUnder the same sun : _bart from Latin America today / _cGuggenheim UBS MAP ; curaduría por Pablo León de la Barra ; South London Gallery. |
| 250 | _a1a ed. | ||
| 260 |
_aLondon : _bSLG, _c2016. |
||
| 300 |
_a20 p. _bil. col. |
||
| 500 | _aCatálogo publicado con motivo a la exposición "Under the same sun: Arte from Latin America today", presentada en South London Gallery, del 10 de junio al 4 de setiembre de 2016. | ||
| 500 | _aArtistas: Jennifer Allora and Guillermo Calzadilla, Carlos Amorales, Armando Andrade Tudela, Alexander Apóstol, Tania Bruguera, Paulo Bruscky, Luis Camnitzer, Mariana Castillo Deball, Alejandro Cesarco, Raimond Chaves and Gilda Mantilla, Donna Conlon and Jonathan Harker, Adriano Costa, Minerva Cuevas, Jonathas de Andrade, Wilson Díaz, Juan Downey, Rafael Ferrer, Regina José Galindo, Mario García Torres, Dominique González-Foerster, Tamar Guimarães, Federico Herrero, Alfredo Jaar, Claudia Joskowicz, Runo Lagomarsino, David Lamelas, Marta Minujín, Carlos Motta, Iván Navarro, Rivane Neuenschwander, Gabriel Orozco, Damián Ortega, Amalia Pica, Wilfredo Prieto, Paul Ramírez Jonas, Beatriz, Santiago Muñoz, Gabriel Sierra, Javier Téllez, Erika Verzutti, Carla Zaccagnini. | ||
| 653 | 1 | 0 | _aArte contemporáneo |
| 653 | 1 | 0 | _aArte Latinoamericano |
| 653 | 1 | 0 | _aCatálogo de exhibición |
| 653 | 1 | 0 | _aExhibiciones |
| 653 | 1 | 0 | _aIntslaciones |
| 653 | 1 | 0 | _aFotografía |
| 653 | 1 | 0 | _aVideoarte |
| 653 | 1 | 0 | _aEscultura |
| 653 | 1 | 0 | _aArtistas latinoamericanos |
| 700 | 1 |
_aLeón de la Barra, Pablo. _ecurador. _95437 |
|
| 710 | 1 |
_aSouth London Gallery. _95438 |
|
| 999 |
_c1019 _d1019 |
||